Statistics for What Came First? #2

Click here to take the quiz!

General Stats

  • This quiz has been taken 170 times
  • The average score is 11 of 19

Answer Stats

QuestionAnswer% Correct
Pepsi or CokeCoke
87%
Taj Mahal or Great Wall of ChinaGreat Wall of China
87%
Christianity or HinduismHinduism
78%
DC or MarvelDC
70%
Harvard or YaleHarvard
66%
The Great Lakes or Lake BaikalLake Baikal
65%
Fireworks or PaperPaper
64%
Alaska or HawaiiAlaska
63%
Barbie or G.I. JoeBarbie
63%
Earth or JupiterJupiter
63%
Chicken or EggEgg
62%
Panama Canal or Suez CanalSuez Canal
62%
The Bible or The Epic of GilgameshThe Epic of Gilgamesh
62%
Pacific Ocean or Atlantic OceanPacific Ocean
60%
Rice Mead or Hebrew WineRice Mead
49%
Afghan Hound or Sulaki HoundSaluki Hound
42%
The Eiffel Tower or The Statue of LibertyThe Statue of Liberty
38%
British Pound or Japanese YenBritish Pound
37%
Arabic or LithuanianLithuanian
25%

Score Distribution

Percentile by Number Answered

Percent of People with Each Score

Your Score History

You have not taken this quiz